Numery autobusów w Legnicy - Statystyki

Ogólne statystyki
  • Ten quiz został rozwiązany 17 razy
  • Średni wynik to 21 z 28
Statystyki odpowiedzi
Podpowiedź Linia % Poprawnych
Szczytniki nad Kaczawą 1
100%
Kunice, Prochowice 10
100%
Szczytnicka, Śląska, WPEC 2
100%
Jaworzyńska, Szpital, LSSE 3
100%
Jaworzyńska, Poznańska, Domejki 4
100%
Auchan, Rzeczypospolitej, Domejki 5
100%
Aquafun, Iwaszkiewicza, Schumana 6
100%
Taczalin, Księginice 9
100%
Iwaszkiewicza, Huta 15
92%
Asnyka, Iwaszkiewicza 16
92%
LSSE, Szpital 18
92%
Dworcowa, Legnickie Pole 20
92%
Miłogostowice, Rzeszotary 8
92%
Jaśkowice, Grzybiany, Ziemnice 23
85%
Iwaszkiewicza, Baczyńskiego, Domejki 24
85%
Iwaszkiewicza, Huta, Złotoryjska 25
85%
LSSE, Domejki 26
85%
LSSE Legnickie Pole, Poznańska 28
85%
LSSE Legnickie Pole, Domejki 29
85%
Ulesie, Domejki 27
77%
Iwaszkiewicza, Samolotowa, LSSE 38
46%
Nocny, Domejki, Iwaszkiewicza, Baczyńskiego N1
46%
Nocny, Rondo niepodległości Sikorskiego N2
46%
Cmentarz, Domejki C
38%
Wariant Linii 1 1B
23%
Wariant Linii 2 2B
23%
Iwaszkiewicza, Plac Słowiański Cmentarz C1
23%
Śląska, Rzeczypospolitej, Cmentarz C2
23%
Nie znaleziono quizów pasujących do podanych kryteriów
Rozkład punktacji
Procent ludzi z każdym wynikiem
Percentyl według liczby udzielonych odpowiedzi
Twoja historia wyników
Nie rozwiązałeś tego quizu